Formuła 1 - składy zespołów 1991 - Statystyki

Ogólne statystyki
  • Ten quiz został rozwiązany 15 razy
  • Średni wynik to 13 z 49
Statystyki odpowiedzi
Zespół Kraj Zawodnik Rundy % Poprawnych
Ferrari Francja Alain Prost 1-15
100%
McLaren Brazylia Ayrton Senna
100%
Niemcy Michael Schumacher 12-16
92%
Niemcy Michael Schumacher 11
92%
Williams W.Brytania Nigel Mansell
85%
Austria Gerhard Berger
69%
Benetton Brazylia Nelson Piquet
62%
Włochy Riccardo Patrese
62%
Francja Jean Alesi
46%
Dallara Finlandia JJ Lehto
46%
Brabham W.Brytania Martin Brundle
46%
Lotus Finlandia Mika Hakkinen
46%
Larrousse Japonia Aguri Suzuki
38%
Jordan Włochy Andrea De Cesaris
38%
W.Brytania Johnny Herbert 5-8, 11, 13, 15-16
31%
W.Brytania Mark Blundell
31%
Włochy Alessandro Zanardi 14-16
23%
Włochy Gianni Morbidelli 16
23%
Włochy Gianni Morbidelli 1-15
23%
Lamborghini Włochy Nicola Larini
23%
Ligier Belgia Thierry Boutsen
23%
Belgia Bertrand Gachot 1-10
15%
Belgia Bertrand Gachot 16
15%
Włochy Emanuele Pirro
15%
Włochy Ivan Capelli 1-14
15%
Footwork Włochy Michele Alboreto
15%
Japonia Satoru Nakajima
15%
Szwecja Stefan Johansson 1-2
15%
Szwecja Stefan Johansson 5-8
15%
Włochy Alex Caffi 1-4, 9-16
8%
Francja Eric Bernard 1-15
8%
Belgia Eric Van De Poele
8%
AGS Włochy Gabriele Tarquini 1-13
8%
Włochy Gabriele Tarquini 14-16
8%
W.Brytania Julian Bailey 1-4
8%
Austria Karl Wendlinger 15-16
8%
Niemcy Michael Bartels 9-10, 12, 14
8%
Japonia Naoki Hattori 14-16
8%
Coloni Portugalia Pedro Chaves 1-13
8%
Minardi Włochy Pierluigi Martini
8%
Brazylia Roberto Moreno 1-11
8%
Brazylia Roberto Moreno 12-13
8%
Brazylia Roberto Moreno 16
8%
Tyrrell Włochy Stefano Modena
8%
Francja Eric Comas
0%
Włochy Fabrizio Barbazza 3-14
0%
Leyton House Brazylia Mauricio Gugelmin
0%
Francja Olivier Grouillard 14
0%
Fondmetal Francja Olivier Grouillard 1-13
0%
Nie znaleziono quizów pasujących do podanych kryteriów
Rozkład punktacji
Procent ludzi z każdym wynikiem
Percentyl według liczby udzielonych odpowiedzi
Twoja historia wyników
Nie rozwiązałeś tego quizu